000 00762nam a2200181Ia 4500
008 100921s9999 xx 000 0 und d
082 _b23041
_a920-2 थ 87
100 _aसरदार गंगाधर बाळकृष्ण.
245 _aगांधी आणि आंबेडकर.
260 _bसुगावा प्रकाशन, पुणे.
_c1987
300 _a93
_bसागर एंटरप्रायजेस
365 _b18
520 _aचरित्र व कार्य-गांधीजी.
630 _aगांधी आणि आंबेडकर.
650 _aचरित्र व कार्य-गांधीजी.
730 _aगांधी आणि आंबेडकर.
942 _cBOOK
999 _c772154
_d772151